Approach to meditation: (Record no. 215895)

MARC details
000 -LEADER
fixed length control field 00619nam a22002057a 4500
005 - DATE AND TIME OF LATEST TRANSACTION
control field 20260416105333.0
010 ## - LCCN (DPL NO)
LC control number ENG-148270
020 ## - INTERNATIONAL STANDARD BOOK NUMBER
International Standard Book Number 9789391870423
Terms of availability 350.00
035 ## - SYSTEM CONTROL NUMBER
System control number EN-131802
037 ## - SOURCE OF ACQUISITION
Source of stock number/acquisition DBAD
082 ## - DEWEY DECIMAL CLASSIFICATION NUMBER
Classification number 158.1
Edition number 1
100 ## - MAIN ENTRY--PERSONAL NAME
Personal name Sinha, Mosam
245 ## - TITLE STATEMENT
Title Approach to meditation:
Remainder of title a step by step guide/
Statement of responsibility, etc Mosam Sinha [and] Neetika
250 ## - EDITION STATEMENT
Edition statement 1
260 ## - PUBLICATION, DISTRIBUTION, ETC. (IMPRINT)
Place of publication, distribution, etc New Delhi
Name of publisher, distributor, etc D.P.S. Publishing House
Date of publication, distribution, etc 2022
270 ## - ADDRESS
Address 4598/12B, Gola Cottage, Ansari Road, Daryaganj
City New Delhi
Postal code 110002
300 ## - PHYSICAL DESCRIPTION
Extent 81p.
Dimensions 22cm(hb)
700 ## - ADDED ENTRY--PERSONAL NAME
Personal name Neetika
9 (RLIN) 88925
942 ## - ADDED ENTRY ELEMENTS (KOHA)
Source of classification or shelving scheme Dewey Decimal Classification
Item type English Books
Call number suffix SIN
Classification part 158.1
Holdings
Withdrawn status Lost status Not for loan Collection code Home library Current library Date acquired Source of acquisition Cost, normal purchase price Full call number Barcode Copy number Cost, replacement price Koha item type
    Not For Loan Non-fiction D.B.Act.Division D.B.Act.Division 16/04/2026 Delivery of Books Act Division 350.00 SIN 158.1 EN-131802 1 350.00 English Books

© Delhi Public Library
Hit Counter
free hit counter